000 00428nam a2200169Ia 4500
008 230524s9999 xx 000 0 und d
020 _a8121900999
082 _a621.3
_bTHE
100 _aB.L.Theraja
245 0 _aFundamentals of Electrical Engineering and Electronics
250 _a1ST
260 _aNEW DELHI
_bS.Chand
_c2004
300 _aXVI;736
500 _aQuantity Number: 5
650 _aElectrical
942 _cBK
999 _c13597
_d13597